Book on injuries (Registro nro. 301637)

Detalles MARC
000 -ENCABEZADO
Número de control [NR] 00901cam a2200253Ii 4500
005 - FECHA Y HORA DE LA ÚLTIMA TRANSACCIÓN
control field 20151027115145.0
008 - DE LONGITUD FIJA DE DATOS DE ELEMENTOS - INFORMACIÓN GENERAL
Elementos de longitud fija [NR] 15 s2015 xxua fr 000 0 eng d
020 ## - NUMERO INTERNACIONAL NORMALIZADO PARA LIBROS [R]
Número Internacional Normalizado del libro [NR] 9780615945033 (volumen 1)
020 ## - NUMERO INTERNACIONAL NORMALIZADO PARA LIBROS [R]
Número Internacional Normalizado del libro [NR] 0615945031
035 ## - NUMERO DE CONTROL DEL SISTEMA [R]
Número de control del sistema [NR] (OCoLC)898185507
040 ## - FUENTE DE CATALOGACION [NR]
Agencia de catalogación original [NR] Co-BoUCM
Idioma de catalogación [NR] spa
Quien Cataloga Saul Niño
Quien Clasifica Saul Niño
041 0# - CODIGO DE IDIOMA [R]
Código de idioma para texto/pista de sonido o título separado [R] Inglés
100 1# - ASIENTO PRINCIPAL--NOMBRE PERSONAL [NR]
Nombre personal [NR] Eldridge, Joshua P.
ID Autoridad 72904
245 10 - MENCION DE TITULO [NR]
Título [NR] Book on injuries
Mención de responsabilidad, etc. [NR] Dr. Joshua P. Eldridge
260 ## - PUBLICACION, DISTRIBUCION, ETC. (PIE DE IMPRENTA) [R]
Lugar de publicación, distribución, etc. [R] Lexington (Kentucky, Estados Unidos)
Nombre del editor, distribuidor, etc. [R] Gymnast Care
Fecha de publicación, distribución, etc. [R] 2015
300 ## - DESCRIPCION FISICA [R]
Extensión [R] 105 páginas
Otros detalles físicos [NR] ilustraciones
505 ## - NOTA DE CONTENIDO CON FORMATO PREESTABLECIDO [R]
Nota de contenido con formato preestablecido [NR] At home and in the gym treatment of the most common gymnastics injuries
Información miscelánea [R] Vol. 1
650 #0 - ASIENTO SECUNDARIO DE MATERIA - TERMINO TEMATICO [R]
Término temático o nombre geográfico como elemento de entrada [NR] Gimnasia
Subdivisión general [R] Heridas, lesiones, etc.
9 (RLIN) 16433
650 #0 - ASIENTO SECUNDARIO DE MATERIA - TERMINO TEMATICO [R]
Término temático o nombre geográfico como elemento de entrada [NR] Entrenamiento atlético
9 (RLIN) 14624
650 #0 - ASIENTO SECUNDARIO DE MATERIA - TERMINO TEMATICO [R]
Término temático o nombre geográfico como elemento de entrada [NR] Deportistas
9 (RLIN) 7493
690 ## - ASUNTO AGREGADO LOCAL DE ENTRADA - TÉRMINO TEMÁTICO (OCLC, RLIN)
9 (RLIN) 42762
Acceso temático local Deportes
942 ## - ELEMENTOS DE ENTRADA AGREGADOS (KOHA)
Sistema de clasificación DEWEY
Tema principal Entretenimiento
Tipo de ítem principal el descrito en 300a Libro
Edición 1
Clasificación 796.44
Parte restante de la signatura top. E378bo
Existencias
Fecha de último préstamo Total préstamos Total Renewals Signatura topográfica Código de barras Última vez visto Ejemplar Costo de reposición Price effective from Tipo de ítem Perdido Sistema de clasificación Dañado No prestable Tipo de ítem específico Suprimido Ubicación habitual Ubicación actual Localización Fecha de creación Proveedor Forma de adquisición Costo
16/02/2016 1 3 796.44 E378bo 100147949 06/12/2025 Ej.1 117138.00 14/10/2015 Libro   DEWEY     Libro   Claustro Claustro 2do piso 14/10/2015 15 Compra 117138.00